| 000 | 00363pam a2200133 a 4500 | ||
|---|---|---|---|
| 020 | _c | ||
| 041 | _h | ||
| 100 |
_aBRADY (Joseph A.)/ MONK (Ellen F.) _eauthor |
||
| 245 |
_aProblem-Solving Cases Using MS Access and Excel _hTextual Document |
||
| 250 | _a2nd Rep. | ||
| 260 |
_bCengage Learning India Pvt. Ltd New Delhi _c2010 |
||
| 300 | _a244 | ||
| 930 | _a8390 | ||
| 999 |
_c837795 _d837795 |
||